000 00583cab a22001935a 4500
001 L150765
008 100901e20100826xxk 000 0 eng d
035 _a(Sirsi) u150765
041 0 _aeng
100 1 _aWilkinson, Geoff
245 0 4 _aThe Regs
_bkeep chasing zero-carbon but don't forget to breathe
260 _c2010
490 _aArchitects' Journal
_v232(7) 26 August 2010, 18(1)
520 _aConsiders the main changes to the new Approved Document Part F; ventilation.
590 _aKA
651 4 _aUnited Kingdom
690 _aBuilding regulations
_96224
942 _n0
999 _c82635
_d82635